01452nam a2200385 a 4500001001100000003000800011006001900019007001500038008004100053010001700094015001400111016001900125020001500144020002300159040002100182035002000203050002200223082001700245245014200262260006800404300002300472490003500495504005100530533015200581650001900733650002500752650002600777655002900803700002200832700002100854710001700875830003400892856012500926999001501051ebr5004938CaPaEBRm u cr cn|||||||||020108s2001 ne a sb 001 0 eng  z 2001025604 aGBA2-53287 a15881105672Uk z1588110567 z9027226415(Europe) aCaPaEBRcCaPaEBR a(OCoLC)5002557614aCT25b.N37 2001eb04a920.001922100aNarrative and identityh[electronic resource] :bstudies in autobiography, self and culture /cedited by Jens Brockmeier, Donal Carbaugh. aAmsterdam ;a[Great Britain] :bJohn Benjamins Pub. Co,cc2001. avi, 307 p. :bill.1 aStudies in narrativity ;vv. 1 aIncludes bibliographical references and index. aElectronic reproduction.bPalo Alto, Calif. :cebrary,d2013.nAvailable via World Wide Web.nAccess may be limited to ebrary affiliated libraries. 0aAutobiography. 0aNarration (Rhetoric) 0aIdentity (Psychology) 7aElectronic books.2local1 aBrockmeier, Jens.1 aCarbaugh, Donal.2 aebrary, Inc. 0aStudies in narrative ;vv. 1.40uhttp://site.ebrary.com/lib/rucke/Doc?id=5004938zAn electronic book accessible through the World Wide Web; click to view c1444d1444